000 00381nam a2200145Ia 4500
008 230917s9999||||xx |||||||||||||| ||und||
040 _e194802
_aMAIN
041 _aEnglish
082 _a352.054 S64W
100 _aSingh, U B
245 0 _aWomen in panchayats: A study of role conflict.
260 _aNew Delhi
_bSerials Publications
_c2011
300 _ax, 274 p.
942 _cBK
999 _c159363
_d159363